<?xml version="1.0" encoding="UTF-8"?>
<marc:record xmlns:marc="http://www.loc.gov/MARC21/slim">
   <marc:leader>00000nam a2200000 a 4500</marc:leader>
   <marc:datafield ind1="1" ind2=" " tag="100">
      <marc:subfield code="a">Lozano Garbala, David</marc:subfield>
      <marc:subfield code="4">aut</marc:subfield>
      <marc:subfield code="e">Verfasser/-in</marc:subfield>
   </marc:datafield>
   <marc:datafield ind1="0" ind2="0" tag="245">
      <marc:subfield code="a">Puerta Oscura</marc:subfield>
   </marc:datafield>
   <marc:datafield ind1="0" ind2="0" tag="245">
      <marc:subfield code="b">Totenreise</marc:subfield>
   </marc:datafield>
   <marc:datafield ind1=" " ind2="1" tag="264">
      <marc:subfield code="b">Loewe Verl.</marc:subfield>
      <marc:subfield code="c">2010</marc:subfield>
   </marc:datafield>
   <marc:datafield ind1="1" ind2=" " tag="520">
      <marc:subfield code="a">Pascal findet in einer Truhe die Puerta Oscura, den geheimen Zugang zum Reich der Toten. Nur alle 100 Jahre, in der Nacht zu Allerheiligen, wird die Pforte geöffnet und gestattet einem einzelnen Wanderer den Eintritt in die Unterwelt. Doch wann immer ein Lebender in das Totenreich geht, gelangt ein Wesen aus der Unterwelt in die Wirklichkeit. Pascal hat einen Vampir befreit, der Michelle entführt und in der Hölle versteckt. Pascal begibt sich erneut in das Reich der Toten, er hat jedoch nur sieben Tage Zeit für die Rettung.</marc:subfield>
   </marc:datafield>
   <marc:datafield ind1=" " ind2=" " tag="020">
      <marc:subfield code="a">9783785568637</marc:subfield>
      <marc:subfield code="9">9783785568637</marc:subfield>
   </marc:datafield>
</marc:record>
